000 00573nam a22002057a 4500
003 MPLRDC
005 20220105061139.0
008 210129b ||||| |||| 00| 0 eng d
020 _a978-967-0659-04-6
082 _a947.416 XYL-2 v.10
100 _a徐有利
245 _a漫画故事. 10
_c
250 _a初版一刷
260 _a马来西亚
_b青苹果工作室 G. APPLE STUDIO SDN BHD
_c2014
300 _b
490 _a哥妹倆
520 _a新书上架 2018-04-01。
650 _a短篇连环漫画(5册以下)
942 _cBK
_o947.416 XYL-2 v.10
999 _c69514
_d69504